000 01095nam a2200289 i 4500
001 bg
003 BPK
005 20221208075705.0
008 s1990 pl f f |000 0 pol
040 _cBPK
041 _apol
080 _a338.242
080 _a005
080 _a658.1/.5
080 _a(075.8)
100 1 _aBielak, Janusz
_c(budownictwo)
_eAutor
245 0 _aElementy zarządzania menedżerskiego :
_bmateriały pomocnicze /
_cJ. Bielak.
260 _aKoszalin :
_bWSI,
_c1990.
490 1 _aSkrypty / Wyższa Szkoła Inżynierska w Koszalinie
655 4 _aPodręczniki akademickie
650 4 _aZarządzanie
710 2 _aWydawnictwo Uczelniane (Wyższa Szkoła Inżynierska ; Koszalin)
_bWydawnictwo Uczelniane.
_4pbl.
856 _uhttp://dlibra.tu.koszalin.pl/dlibra/docmetadata?id=366&from=&dirids=1&ver_id=&lp=1&QI=
_yBiblioteka Cyfrowa
830 0 _aSkrypty - Wyższa Szkoła Inżynierska w Koszalinie
942 _cKS
_2UKD
856 _uhttp://koha.tu.koszalin.pl/cgi-bin/koha/opac-detail.pl?biblionumber=4415
_yKatalog online BPK
999 _c4415
_d4415